000 00349nam a2200157Ia 4500
005 20250423095135.0
008 250422s9999 xx 000 0 und d
020 _a9780194309226
050 _aPE 1471 .S28/
245 0 _aEffective academic writing 1
260 _aTexas
260 _bOxford
260 _c2007
300 _a152 p
942 _cBK
999 _c29362
_d29362